[Event "Birmingham International"]
[Site "Birmingham"]
[Date "1972.04.05"]
[Round "11"]
[White "Carleton, John Joseph"]
[Black "Miles, Anthony John"]
[Result "1/2-1/2"]
[WhiteElo "2200"]
[BlackElo "2240"]
[PlyCount "82"]
[EventDate "1972.03.31"]
[EventType "tourn"]
[EventRounds "14"]
[EventCountry "ENG"]
[EventCategory "2"]
[SourceTitle "BritBase"]
[Source "John Saunders"]
[SourceDate "2000.01.01"]
[SourceVersion "1"]
[SourceVersionDate "2000.01.01"]
[SourceQuality "1"]

1. b3 e5 2. Bb2 Nc6 3. e3 d6 4. Nc3 g6 5. Nf3 Bg7 6. d4 exd4 7. Nd5 Bg4 8. Bb5 Nge7 9. Bxd4 Kf8 10. Bxg7+ Kxg7 11. Nxe7 Qxe7 12. Bxc6 bxc6 13. Qd4+ Qf6 14. Qxf6+ Kxf6 15. Nd4 Bd7 16. O-O-O Rhe8 17. Rhe1 Re7 18. h3 Rae8 19. Kb2 a5 20. Rd2 Kg7 21. Red1 Rb8 22. Ne2 a4 23. Nc3 axb3 24. cxb3 Re5 25. e4 Ra5 26. Kc2 Be6 27. Kd3 Rba8 28. Rc1 Rb8 29. Ne2 Bd7 30. g4 h5 31. f3 Rba8 32. Rcc2 hxg4 33. hxg4 Rh8 34. Ke3 Rh1 35. Rc1 Rxc1 36. Nxc1 Be6 37. Rc2 c5 38. Nd3 g5 39. Kd2 Ra8 40. Kc3 Rh8 41. a4 Rb8 1/2-1/2

[Event "Birmingham International"]
[Site "Birmingham"]
[Date "1972.04.05"]
[Round "11"]
[White "Clarke, Peter Hugh"]
[Black "Corden, Martyn John"]
[Result "1/2-1/2"]
[WhiteElo "2380"]
[BlackElo "2360"]
[PlyCount "41"]
[EventDate "1972.03.31"]
[EventType "tourn"]
[EventRounds "14"]
[EventCountry "ENG"]
[EventCategory "2"]
[SourceTitle "BritBase"]
[Source "John Saunders"]
[SourceDate "2000.01.01"]
[SourceVersion "1"]
[SourceVersionDate "2000.01.01"]
[SourceQuality "1"]

1. d4 Nf6 2. c4 g6 3. Nc3 d5 4. Nf3 Bg7 5. cxd5 Nxd5 6. Bd2 O-O 7. Rc1 Nc6 8. e4 Nxc3 9. Bxc3 Bg4 10. d5 Ne5 11. Be2 Bxf3 12. gxf3 Nd7 13. Bxg7 Kxg7 14. Qb3 Kg8 15. Qxb7 Rb8 16. Qxa7 Rxb2 17. Qe3 Rxa2 18. O-O Qb8 19. Rb1 Qa7 20. Qxa7 Rxa7 21. f4 1/2-1/2

[Event "Birmingham International"]
[Site "Birmingham"]
[Date "1972.04.05"]
[Round "11"]
[White "Dunkelblum, Arthur"]
[Black "Basman, Michael John"]
[Result "1-0"]
[WhiteElo "2250"]
[BlackElo "2410"]
[PlyCount "117"]
[EventDate "1972.03.31"]
[EventType "tourn"]
[EventRounds "14"]
[EventCountry "ENG"]
[EventCategory "2"]
[SourceTitle "BritBase"]
[Source "John Saunders"]
[SourceDate "2000.01.01"]
[SourceVersion "1"]
[SourceVersionDate "2000.01.01"]
[SourceQuality "1"]

1. d4 e6 2. Nf3 Nf6 3. c4 b6 4. g3 Bb7 5. Bg2 Be7 6. O-O O-O 7. Nc3 d6 8. Qc2 Na6 9. e4 Ne8 10. b3 c6 11. Ba3 Rc8 12. Qe2 Nac7 13. Rfe1 b5 14. Rac1 bxc4 15. bxc4 Ba6 16. Nd2 Na8 17. Qd1 Nec7 18. Bf1 Nb6 19. Rb1 Re8 20. Qc2 e5 21. d5 cxd5 22. cxd5 Bxf1 23. Kxf1 Bg5 24. Rb3 Bxd2 25. Qxd2 Nc4 26. Qd3 Na8 27. Nb1 Nab6 28. Re2 Re7 29. Rc2 Rec7 30. Rbc3 h6 31. Kg2 Kh7 32. Bc1 Qd7 33. Be3 Nxe3+ 34. Qxe3 Nc4 35. Qc1 Qa4 36. Kg1 Rc5 37. Qe1 g6 38. h4 Kg7 39. Kh2 Qb4 40. Qc1 f5 41. Rb3 Qa5 42. Rb7+ R8c7 43. Rxc7+ Qxc7 44. f3 fxe4 45. fxe4 Qc8 46. Rc3 Qg4 47. Qe1 g5 48. Rb3 Kg6 49. Nc3 Nb6 50. Ra3 Qf3 51. Qd1 Qf2+ 52. Kh3 h5 53. hxg5 Nc4 54. Ra6 Qf8 55. Kh4 Qh8 56. Qf3 Rc7 57. Qf2 Kg7 58. Qf6+ Kh7 59. g6+ 1-0

[Event "Birmingham International"]
[Site "Birmingham"]
[Date "1972.04.06"]
[Round "12"]
[White "Basman, Michael John"]
[Black "Borngaesser, Rene"]
[Result "1-0"]
[WhiteElo "2410"]
[BlackElo "2350"]
[PlyCount "72"]
[EventDate "1972.03.31"]
[EventType "tourn"]
[EventRounds "14"]
[EventCountry "ENG"]
[EventCategory "2"]
[SourceTitle "BritBase"]
[Source "John Saunders"]
[SourceDate "2000.01.01"]
[SourceVersion "1"]
[SourceVersionDate "2000.01.01"]
[SourceQuality "1"]

1. e4 e6 2. d4 d5 3. Nc3 Nf6 4. Bg5 Be7 5. e5 Nfd7 6. h4 a6 7. Qg4 Kf8 8. Nf3 c5 9. dxc5 Nc6 10. Qg3 Nxc5 11. Bd3 Bd7 12. O-O Rc8 13. Ne2 Nb4 14. Rfd1 Ncxd3 15. cxd3 Rc2 16. Nf4 h6 17. Bxe7+ Qxe7 18. a3 Nc6 19. Rab1 Rg8 20. b4 Rc3 21. Ra1 Qd8 22. Ne2 Rc2 23. Ned4 Rb2 24. Qf4 Qb6 25. Qc1 Nxd4 26. Qxb2 Nxf3+ 27. gxf3 g5 28. Kh2 d4 29. Rac1 Qd8 30. Qxd4 g4 31. Kg3 gxf3+ 32. Kh3 Qe8 33. Rg1 Rg6 34. Rxg6 fxg6 35. Rc7 Bc6 36. Qf4+ Kg8 1-0

[Event "Birmingham International"]
[Site "Birmingham"]
[Date "1972.04.06"]
[Round "12"]
[White "Clarke, Peter Hugh"]
[Black "Carleton, John Joseph"]
[Result "0-1"]
[WhiteElo "2380"]
[BlackElo "2200"]
[PlyCount "72"]
[EventDate "1972.03.31"]
[EventType "tourn"]
[EventRounds "14"]
[EventCountry "ENG"]
[EventCategory "2"]
[SourceTitle "BritBase"]
[Source "John Saunders"]
[SourceDate "2000.01.01"]
[SourceVersion "1"]
[SourceVersionDate "2000.01.01"]
[SourceQuality "1"]

1. d4 Nf6 2. c4 e5 3. dxe5 Ne4 4. Nf3 Nc6 5. a3 d6 6. exd6 Bxd6 7. e3 Bf5 8. Nbd2 Qe7 9. Nxe4 Bxe4 10. Bd2 O-O-O 11. Be2 g5 12. h3 h5 13. Qb3 g4 14. hxg4 hxg4 15. Rxh8 Rxh8 16. Ng1 Rh1 17. O-O-O Qh4 18. g3 Bxg3 19. fxg3 Qxg3 20. Bd3 Bxd3 21. Qxd3 Rxg1 22. Qf5+ Kb8 23. Qxf7 b6 24. Qd5 Ne7 25. Qe4 Nc8 26. c5 Rxd1+ 27. Kxd1 Qg1+ 28. Be1 g3 29. Qf4 g2 30. Ke2 Qxe1+ 31. Kxe1 g1=Q+ 32. Kd2 Qb1 33. Qe5 bxc5 34. Qc3 Qf5 35. Qb3+ Nb6 36. Qg8+ Kb7 0-1

[Event "Birmingham International"]
[Site "Birmingham"]
[Date "1972.04.06"]
[Round "12"]
[White "Corden, Martyn John"]
[Black "Dunkelblum, Arthur"]
[Result "1/2-1/2"]
[WhiteElo "2360"]
[BlackElo "2250"]
[PlyCount "68"]
[EventDate "1972.03.31"]
[EventType "tourn"]
[EventRounds "14"]
[EventCountry "ENG"]
[EventCategory "2"]
[SourceTitle "BritBase"]
[Source "John Saunders"]
[SourceDate "2000.01.01"]
[SourceVersion "1"]
[SourceVersionDate "2000.01.01"]
[SourceQuality "1"]

1. e4 c6 2. d4 d5 3. Nc3 dxe4 4. Nxe4 Nd7 5. Bc4 Ngf6 6. Ng5 e6 7. Ne2 h6 8. Nf3 Bd6 9. O-O Qc7 10. Re1 O-O 11. Ng3 c5 12. Bf1 b6 13. Bd2 Bb7 14. c4 Bxf3 15. Qxf3 Bxg3 16. hxg3 cxd4 17. Rad1 e5 18. g4 e4 19. Qh3 Rfe8 20. g5 hxg5 21. Bxg5 Qc5 22. Qh4 Nh7 23. Bf4 Re6 24. f3 g5 25. Qg3 Ndf6 26. Bc1 Rd8 27. fxe4 Nxe4 28. Qf3 d3+ 29. Be3 Qxc4 30. Rc1 Qd5 31. Bxd3 Nef6 32. Qxd5 Nxd5 33. Bxh7+ Kxh7 34. Bxg5 Rde8 1/2-1/2

[Event "Birmingham International"]
[Site "Birmingham"]
[Date "1972.04.09"]
[Round "14"]
[White "Carleton, John Joseph"]
[Black "Dunkelblum, Arthur"]
[Result "1-0"]
[WhiteElo "2200"]
[BlackElo "2250"]
[PlyCount "69"]
[EventDate "1972.03.31"]
[EventType "tourn"]
[EventRounds "14"]
[EventCountry "ENG"]
[EventCategory "2"]
[SourceTitle "BritBase"]
[Source "John Saunders"]
[SourceDate "2000.01.01"]
[SourceVersion "1"]
[SourceVersionDate "2000.01.01"]
[SourceQuality "1"]

1. e4 c6 2. d4 d5 3. Nc3 dxe4 4. Bc4 e6 5. f3 Bb4 6. fxe4 b5 7. Be2 Qh4+ 8. g3 Qxe4 9. Nf3 Nf6 10. O-O Bxc3 11. bxc3 O-O 12. Ne5 Qd5 13. Ba3 Re8 14. Bf3 Qd8 15. Nxc6 Nxc6 16. Bxc6 Bd7 17. Bxa8 Qxa8 18. Qe2 Ne4 19. Rae1 f5 20. c4 bxc4 21. Qxc4 Nd2 22. Qc7 Bb5 23. d5 Bxf1 24. Bb2 e5 25. Bxe5 Nf3+ 26. Kxf1 Nxe5 27. Rxe5 Rxe5 28. Qxe5 Qc8 29. Qe2 g5 30. c4 Qc5 31. Kg2 h6 32. Qe6+ Kg7 33. Qd7+ Kg8 34. d6 Qxc4 35. Qd8+ 1-0

[Event "Birmingham International"]
[Site "Birmingham"]
[Date "1972.04.09"]
[Round "14"]
[White "Clarke, Peter Hugh"]
[Black "Borngaesser, Rene"]
[Result "1/2-1/2"]
[WhiteElo "2380"]
[BlackElo "2350"]
[PlyCount "34"]
[EventDate "1972.03.31"]
[EventType "tourn"]
[EventRounds "14"]
[EventCountry "ENG"]
[EventCategory "2"]
[SourceTitle "BritBase"]
[Source "John Saunders"]
[SourceDate "2000.01.01"]
[SourceVersion "1"]
[SourceVersionDate "2000.01.01"]
[SourceQuality "1"]

1. d4 f5 2. Nf3 Nf6 3. g3 g6 4. Bg2 Bg7 5. O-O O-O 6. b3 d6 7. Bb2 e5 8. dxe5 Ng4 9. Nbd2 Nc6 10. Nc4 Ngxe5 11. Nfxe5 Nxe5 12. Qd5+ Nf7 13. Bxg7 Kxg7 14. Rad1 Qf6 15. Qd4 Qxd4 16. Rxd4 Rb8 17. Rfd1 Re8 1/2-1/2